[Event "79.ch-ITA Women 2019"]
[Site "Padova ITA"]
[Date "2019.11.28"]
[Round "1.1"]
[White "Raccanello, Marianna"]
[Black "Andolfatto, Maria"]
[Result "0-1"]
[WhiteElo "2049"]
[BlackElo "1937"]
[Annotator "Gabriele Ballarin"]
[PlyCount "106"]
[EventDate "2019.11.28"]
[EventType "tourn"]
[EventRounds "7"]
[EventCountry "ITA"]
[SourceTitle "The Week in Chess 1308"]
[Source "Mark Crowther"]
[SourceDate "2019.12.02"]
[SourceVersion "1"]
[SourceVersionDate "2019.12.02"]
[SourceQuality "2"]

1. e4 e5 2. Nf3 Nf6 3. Nxe5 d6 4. Nf3 Nxe4 5. c4 Nc6 6. d4 d5 7. a3 Be7 8. Bd3 Bf5 9. Nc3 Nxc3 10. bxc3 Bxd3 11. Qxd3 dxc4 12. Qxc4 O-O 13. O-O Na5 14. Qa4 Qd5 15. Bf4 b6 16. Qc2 Nc4 17. a4 Bd6 18. Ng5 g6 19. Ne4 Kg7 20. Nxd6 cxd6 21. Qd3 Rfe8 22. Rfe1 Nb2 23. Qh3 Qc6 24. Bh6+ Kg8 25. Qh4 d5 26. h3 Re6 27. Rxe6 Qxe6 28. Ra2 Nd1 29. Qg3 Rc8 30. Qf3 Nxc3 31. Rc2 Ne4 32. Rxc8+ Qxc8 33. Qf4 g5 34. Qe5 Qc1+ 35. Kh2 Qf4+ 36. Qxf4 gxf4 37. Bxf4 Nxf2 38. Bb8 a6 39. Ba7 b5 40. axb5 axb5 41. Bc5 Nd3 42. Kg3 b4 43. Kf3 Nxc5 44. dxc5 Kf8 45. Ke3 b3 46. Kd3 d4 47. g4 Ke7 48. h4 Ke6 49. h5 f6 50. c6 Kd6 51. Ke4 b2 52. Kf5 b1=Q+ 53. Kxf6 d3 0-1

[Event "79.ch-ITA Women 2019"]
[Site "Padova ITA"]
[Date "2019.11.28"]
[Round "1.3"]
[White "Zimina, Olga"]
[Black "Palma, Maria"]
[Result "1-0"]
[WhiteElo "2406"]
[BlackElo "1957"]
[Annotator "Gabriele Ballarin"]
[PlyCount "67"]
[EventDate "2019.11.28"]
[EventType "tourn"]
[EventRounds "7"]
[EventCountry "ITA"]
[SourceTitle "The Week in Chess 1308"]
[Source "Mark Crowther"]
[SourceDate "2019.12.02"]
[SourceVersion "1"]
[SourceVersionDate "2019.12.02"]
[SourceQuality "2"]

1. Nf3 d5 2. d4 e6 3. g3 Nf6 4. Bg2 c5 5. O-O cxd4 6. Nxd4 Be7 7. c4 O-O 8. cxd5 exd5 9. Nc3 Nc6 10. Be3 Re8 11. Qa4 Ne5 12. Rad1 Bd7 13. Qb3 Bc6 14. Nf5 Bf8 15. Nxd5 Nxd5 16. Bxd5 Qf6 17. Bxc6 bxc6 18. Qc2 g6 19. Nh4 Ng4 20. Ng2 Qe6 21. b3 a5 22. Rd3 Nf6 23. Rc3 Ra6 24. Nf4 Qe4 25. Rc1 Rc8 26. Rc4 Qxc2 27. R1xc2 Nd7 28. Nd3 Bg7 29. b4 axb4 30. Nxb4 Ra4 31. Nxc6 Rxc4 32. Rxc4 Kf8 33. a4 Ra8 34. a5 1-0

[Event "79.ch-ITA Women 2019"]
[Site "Padova ITA"]
[Date "2019.11.28"]
[Round "1.4"]
[White "Gueci, Tea"]
[Black "Sedina, Elena"]
[Result "1/2-1/2"]
[WhiteElo "2268"]
[BlackElo "2304"]
[Annotator "Gabriele Ballarin"]
[PlyCount "54"]
[EventDate "2019.11.28"]
[EventType "tourn"]
[EventRounds "7"]
[EventCountry "ITA"]
[SourceTitle "The Week in Chess 1308"]
[Source "Mark Crowther"]
[SourceDate "2019.12.02"]
[SourceVersion "1"]
[SourceVersionDate "2019.12.02"]
[SourceQuality "2"]

1. c4 e5 2. g3 Nf6 3. Nc3 c6 4. d4 e4 5. Bg2 d5 6. e3 Bb4 7. Qb3 Qe7 8. cxd5 cxd5 9. Nge2 O-O 10. O-O Rd8 11. Nf4 Bxc3 12. Qxc3 Nc6 13. h3 Bd7 14. Bd2 Rac8 15. Qb3 Qd6 16. Rfc1 b6 17. a3 g5 18. Ne2 h5 19. Qd1 Kg7 20. Nc3 Be6 21. Qf1 Na5 22. Nb5 Qd7 23. Bxa5 bxa5 24. Rc5 Rb8 25. b4 axb4 26. axb4 Rb7 27. Ra5 Rdb8 1/2-1/2

[Event "79.ch-ITA Women 2019"]
[Site "Padova ITA"]
[Date "2019.11.30"]
[Round "3.1"]
[White "Santeramo, Alessia"]
[Black "Andolfatto, Maria"]
[Result "1/2-1/2"]
[WhiteElo "2138"]
[BlackElo "1937"]
[Annotator "Gabriele Ballarin"]
[PlyCount "172"]
[EventDate "2019.11.28"]
[EventType "tourn"]
[EventRounds "7"]
[EventCountry "ITA"]
[SourceTitle "The Week in Chess 1308"]
[Source "Mark Crowther"]
[SourceDate "2019.12.02"]
[SourceVersion "1"]
[SourceVersionDate "2019.12.02"]
[SourceQuality "2"]

1. e4 d6 2. d4 Nf6 3. Nc3 e5 4. Nf3 Nbd7 5. Bc4 Be7 6. O-O O-O 7. a4 c6 8. Qe2 h6 9. Rd1 exd4 10. Nxd4 Ne5 11. Bb3 c5 12. Ndb5 a6 13. Na3 Qc7 14. h3 Be6 15. Nd5 Nxd5 16. Bxd5 Bxd5 17. Rxd5 Rad8 18. Bf4 Qa5 19. Bxe5 dxe5 20. Nc4 Qc7 21. Nxe5 b5 22. axb5 axb5 23. Rad1 Bf6 24. Nd7 b4 25. Nxf6+ gxf6 26. Qg4+ Kh7 27. Qf5+ Kg7 28. R1d3 Rxd5 29. Rxd5 Rd8 30. Rxd8 Qxd8 31. Qxc5 Qd1+ 32. Kh2 Qc1 33. Qd4 Qxc2 34. Qxb4 Qxf2 35. Qb8 Qe2 36. b4 Qxe4 37. b5 f5 38. Qg3+ Kh7 39. Qc7 Kg7 40. b6 f4 41. Qc3+ Kh7 42. Qf3 Qe5 43. b7 Kh8 44. h4 Kh7 45. Kh3 Qe6+ 46. g4 fxg3+ 47. Kxg3 Qe5+ 48. Kf2 Qb2+ 49. Ke3 Qc3+ 50. Kf2 Qb2+ 51. Kg3 Qe5+ 52. Kg2 f5 53. Kh3 Qb5 54. h5 f4 55. Qe4+ Kh8 56. Kg2 Qg5+ 57. Kf1 Qb5+ 58. Ke1 Qa5+ 59. Kf2 Qc5+ 60. Kf3 Qxh5+ 61. Kxf4 Qf7+ 62. Ke3 Qb3+ 63. Kd2 Qb2+ 64. Kd1 Qb3+ 65. Kc1 Qc3+ 66. Qc2 Qa1+ 67. Qb1 Qc3+ 68. Kd1 Qf3+ 69. Kd2 Qf2+ 70. Kd1 Qf3+ 71. Kc1 Qe3+ 72. Kb2 Qb6+ 73. Kc2 Qg6+ 74. Kc1 Qg1+ 75. Kb2 Qb6+ 76. Ka1 Qa6+ 77. Qa2 Qxb7 78. Qe6 Kg7 79. Qg4+ Kh8 80. Qe6 Qg7+ 81. Kb1 Qg5 82. Kc2 Kg7 83. Kd3 Qg3+ 84. Ke2 Qg2+ 85. Ke1 h5 86. Qe7+ Kh6 1/2-1/2

[Event "79.ch-ITA Women 2019"]
[Site "Padova ITA"]
[Date "2019.11.30"]
[Round "3.2"]
[White "Zimina, Olga"]
[Black "Raccanello, Marianna"]
[Result "0-1"]
[WhiteElo "2406"]
[BlackElo "2049"]
[Annotator "Gabriele Ballarin"]
[PlyCount "84"]
[EventDate "2019.11.28"]
[EventType "tourn"]
[EventRounds "7"]
[EventCountry "ITA"]
[SourceTitle "The Week in Chess 1308"]
[Source "Mark Crowther"]
[SourceDate "2019.12.02"]
[SourceVersion "1"]
[SourceVersionDate "2019.12.02"]
[SourceQuality "2"]

1. Nf3 Nf6 2. c4 g6 3. d4 Bg7 4. g3 O-O 5. Bg2 d6 6. O-O Nbd7 7. Nc3 e5 8. e4 c6 9. h3 Qb6 10. c5 dxc5 11. dxe5 Ne8 12. Qc2 Nc7 13. Na4 Qb5 14. Bd2 b6 15. Rfc1 Qa6 16. Bf1 Qb7 17. b4 Nxe5 18. Nxe5 Bxe5 19. Rab1 Nb5 20. bxc5 Na3 21. Qd3 Nxb1 22. Rxb1 Be6 23. Qc2 b5 24. Nc3 Qe7 25. Be3 Rfd8 26. Bg2 Bc4 27. Rc1 Bd4 28. Nd5 cxd5 29. Bxd4 dxe4 30. Qc3 Re8 31. a4 a6 32. g4 Ra7 33. Re1 Qg5 34. axb5 axb5 35. c6 Rc7 36. Bxe4 Qf4 37. Bb6 Rce7 38. f3 Qg3+ 39. Kh1 Qxh3+ 40. Kg1 Qg3+ 41. Kh1 Rxe4 42. Rxe4 Rxe4 0-1

[Event "79.ch-ITA Women 2019"]
[Site "Padova ITA"]
[Date "2019.11.30"]
[Round "3.4"]
[White "Sedina, Elena"]
[Black "Palma, Maria"]
[Result "1-0"]
[WhiteElo "2304"]
[BlackElo "1957"]
[Annotator "Gabriele Ballarin"]
[PlyCount "79"]
[EventDate "2019.11.28"]
[EventType "tourn"]
[EventRounds "7"]
[EventCountry "ITA"]
[SourceTitle "The Week in Chess 1308"]
[Source "Mark Crowther"]
[SourceDate "2019.12.02"]
[SourceVersion "1"]
[SourceVersionDate "2019.12.02"]
[SourceQuality "2"]

1. e4 c5 2. Nf3 d6 3. Bb5+ Nd7 4. c3 Ngf6 5. Bd3 g6 6. O-O Bg7 7. Bc2 O-O 8. d4 b5 9. Qe2 Bb7 10. Re1 cxd4 11. cxd4 a6 12. e5 Nd5 13. e6 fxe6 14. Qxe6+ Kh8 15. Qh3 Rxf3 16. Qxf3 Bxd4 17. Nc3 Ne5 18. Qg3 Rc8 19. Be4 Qg8 20. Bxd5 Bxd5 21. Rd1 Bxc3 22. bxc3 Bc4 23. Be3 Nd3 24. Bg5 Nb2 25. Bxe7 Qf7 26. Re1 Nd3 27. Re3 Re8 28. Bxd6 Rxe3 29. Qxe3 Qd7 30. Bg3 Kg8 31. Rd1 Qf5 32. h3 a5 33. Qe8+ Kg7 34. Qe7+ Kg8 35. Qd8+ Kg7 36. Qe7+ Kg8 37. Rd2 a4 38. a3 Qd5 39. Bh4 Qf5 40. Bf6 1-0

[Event "79.ch-ITA Women 2019"]
[Site "Padova ITA"]
[Date "2019.12.01"]
[Round "4.2"]
[White "De Rosa, Mariagrazia"]
[Black "Sedina, Elena"]
[Result "1/2-1/2"]
[WhiteElo "2090"]
[BlackElo "2304"]
[Annotator "Gabriele Ballarin"]
[PlyCount "161"]
[EventDate "2019.11.28"]
[EventType "tourn"]
[EventRounds "7"]
[EventCountry "ITA"]
[SourceTitle "The Week in Chess 1308"]
[Source "Mark Crowther"]
[SourceDate "2019.12.02"]
[SourceVersion "1"]
[SourceVersionDate "2019.12.02"]
[SourceQuality "2"]

1. e4 e6 2. d4 d5 3. e5 c5 4. c3 Nc6 5. Nf3 Bd7 6. Be2 Nge7 7. Na3 cxd4 8. cxd4 Nf5 9. Nc2 Rc8 10. O-O Qb6 11. Bd3 Nb4 12. Bxf5 exf5 13. Nxb4 Bxb4 14. Bd2 Be7 15. Bg5 Bf8 16. e6 Bxe6 17. Qa4+ Qc6 18. Qxa7 Bd6 19. Rac1 Qa6 20. Qxa6 bxa6 21. Rxc8+ Bxc8 22. Ne1 f6 23. Bd2 Bd7 24. Nd3 Bb5 25. Rc1 Kf7 26. Nc5 Rb8 27. f3 g5 28. g3 h5 29. Kf2 h4 30. gxh4 Rh8 31. Nb7 Bxh2 32. hxg5 fxg5 33. Bxg5 Rb8 34. Rh1 Rxb7 35. Rxh2 Kg6 36. Bf4 Rh7 37. Rg2+ Kf7 38. Ke3 Rh1 39. Be5 Ra1 40. b3 Rf1 41. a4 Be8 42. Rg7+ Kf8 43. Rg5 Rb1 44. Rxf5+ Ke7 45. Rf6 Rxb3+ 46. Kf2 Bxa4 47. Rxa6 Be8 48. Rh6 Bb5 49. Rd6 Bd7 50. Rg6 Bf5 51. Rg5 Bc2 52. f4 Be4 53. Ke2 Rb2+ 54. Ke1 Rb1+ 55. Kd2 Rb2+ 56. Kc3 Rc2+ 57. Kb3 Rg2 58. Rh5 Bg6 59. Rh1 Be4 60. Rf1 Ke6 61. Rc1 Rf2 62. Rc6+ Ke7 63. Rc7+ Ke6 64. Rc1 Rg2 65. Ra1 Rf2 66. Kb4 Rb2+ 67. Kc5 Rc2+ 68. Kb6 Bd3 69. Ra7 Be4 70. Rg7 Bd3 71. Rg5 Be4 72. Rh5 Bd3 73. Rh6+ Ke7 74. Rd6 Be4 75. f5 Rb2+ 76. Kc5 Rc2+ 77. Kb4 Bxf5 78. Rxd5 Rb2+ 79. Ka3 Ra2+ 80. Kb4 Rb2+ 81. Ka3 1/2-1/2

[Event "79.ch-ITA Women 2019"]
[Site "Padova ITA"]
[Date "2019.12.01"]
[Round "4.3"]
[White "Raccanello, Marianna"]
[Black "Gueci, Tea"]
[Result "0-1"]
[WhiteElo "2049"]
[BlackElo "2268"]
[Annotator "Gabriele Ballarin"]
[PlyCount "94"]
[EventDate "2019.11.28"]
[EventType "tourn"]
[EventRounds "7"]
[EventCountry "ITA"]
[SourceTitle "The Week in Chess 1308"]
[Source "Mark Crowther"]
[SourceDate "2019.12.02"]
[SourceVersion "1"]
[SourceVersionDate "2019.12.02"]
[SourceQuality "2"]

1. e4 e6 2. d4 d5 3. Nc3 Nf6 4. Bg5 dxe4 5. Nxe4 Be7 6. Bxf6 gxf6 7. Nf3 f5 8. Ng3 h5 9. h4 c5 10. dxc5 Bxc5 11. Qxd8+ Kxd8 12. Bd3 Nc6 13. Rd1 Ke7 14. c3 a6 15. O-O Kf6 16. Rfe1 Ra7 17. Ne2 b5 18. Nf4 Rc7 19. Bb1 Bb7 20. a3 Ne7 21. Ba2 Bxf3 22. gxf3 Ng6 23. Nxg6 Kxg6 24. Kg2 Rb8 25. Re2 Be7 26. Kg3 a5 27. Red2 Rbb7 28. Rc1 Bf6 29. Bb1 Rc4 30. f4 e5 31. fxe5 Rg4+ 32. Kf3 Bxe5 33. Rd5 f6 34. Rh1 b4 35. Rxa5 bxc3 36. b4 Rd7 37. Rc5 Rd2 38. b5 Rf4+ 39. Ke3 Rfxf2 40. Rg1+ Kh6 41. Rc4 c2 42. Ba2 c1=Q 43. Rgxc1 Rde2+ 44. Kd3 Rxa2 45. Rb4 Rxa3+ 46. Kc4 Rf4+ 47. Kc5 Bd6+ 0-1

[Event "79.ch-ITA Women 2019"]
[Site "Padova ITA"]
[Date "2019.12.03"]
[Round "5.4"]
[White "Palma, Maria"]
[Black "De Rosa, Mariagrazia"]
[Result "0-1"]
[WhiteElo "1957"]
[BlackElo "2090"]
[Annotator "Gabriele Ballarin"]
[PlyCount "70"]
[EventDate "2019.11.28"]
[EventType "tourn"]
[EventRounds "7"]
[EventCountry "ITA"]
[SourceTitle "The Week in Chess 1309"]
[Source "Mark Crowther"]
[SourceDate "2019.12.10"]
[SourceVersion "2"]
[SourceVersionDate "2020.02.11"]
[SourceQuality "2"]

1. c4 e5 2. g3 Nf6 3. Bg2 d5 4. cxd5 Nxd5 5. Nf3 Nc6 6. O-O Nb6 7. b3 Bd6 8. Bb2 O-O 9. Qc1 f5 10. Rd1 Qe7 11. Nc3 a6 12. d4 e4 13. Ne1 Nb4 14. Nc2 N4d5 15. Nxd5 Nxd5 16. Ne3 Nxe3 17. Qxe3 Bd7 18. f3 Rae8 19. fxe4 f4 20. Qc3 fxg3 21. hxg3 Qg5 22. e5 Bb4 23. Qd3 Bb5 24. Bd5+ Kh8 25. Bc4 Bd7 26. Rf1 Bf5 27. Bc1 Qg6 28. Qe3 Bh3 29. Rxf8+ Rxf8 30. Bb2 Qc6 31. d5 Qg6 32. Bd3 Qg4 33. Bd4 Bd2 34. Qf2 Rxf2 35. Bxf2 Be3 0-1

[Event "79.ch-ITA Women 2019"]
[Site "Padova ITA"]
[Date "2019.12.05"]
[Round "7.2"]
[White "Sedina, Elena"]
[Black "Zimina, Olga"]
[Result "1/2-1/2"]
[WhiteElo "2304"]
[BlackElo "2406"]
[Annotator "Gabriele Ballarin"]
[PlyCount "48"]
[EventDate "2019.11.28"]
[EventType "tourn"]
[EventRounds "7"]
[EventCountry "ITA"]
[SourceTitle "The Week in Chess 1309"]
[Source "Mark Crowther"]
[SourceDate "2019.12.10"]
[SourceVersion "2"]
[SourceVersionDate "2020.02.11"]
[SourceQuality "2"]

1. e4 e5 2. Nf3 Nc6 3. Bc4 Bc5 4. O-O Nf6 5. d3 O-O 6. Re1 a6 7. h3 h6 8. c3 Re8 9. Nbd2 Bf8 10. Bb3 g6 11. Nf1 Bg7 12. Ng3 d6 13. d4 Qe7 14. Be3 Qf8 15. Bc2 Bd7 16. Nh2 Rad8 17. f4 Na5 18. b3 c5 19. fxe5 dxe5 20. d5 Bc8 21. a4 b6 22. Qe2 Nd7 23. Rf1 Qe7 24. Rab1 Nb8 1/2-1/2

[Event "79.ch-ITA 3rd-4th TB"]
[Site "Padova ITA"]
[Date "2019.12.05"]
[Round "1"]
[White "Moroni, Luca Jr"]
[Black "Lodici, Lorenzo"]
[Result "0-1"]
[WhiteElo "2528"]
[BlackElo "2455"]
[Annotator "Gabriele Ballarin"]
[PlyCount "134"]
[EventDate "2019.12.05"]
[EventType "match"]
[EventRounds "4"]
[EventCountry "ITA"]
[SourceTitle "The Week in Chess 1309"]
[Source "Mark Crowther"]
[SourceDate "2019.12.10"]
[SourceVersion "2"]
[SourceVersionDate "2020.02.11"]
[SourceQuality "2"]

1. e4 e5 2. Nf3 Nc6 3. Bb5 a6 4. Ba4 d6 5. d4 b5 6. Bb3 Nxd4 7. Nxd4 exd4 8. Bd5 Rb8 9. Bc6+ Bd7 10. Bxd7+ Qxd7 11. Qxd4 Nf6 12. O-O Be7 13. Nc3 O-O 14. Qd3 Rfe8 15. f3 b4 16. Ne2 d5 17. e5 Bc5+ 18. Be3 Qb5 19. Bxc5 Qxc5+ 20. Qd4 Qxc2 21. Ng3 Nd7 22. Rac1 Qg6 23. f4 c6 24. f5 Qg5 25. h4 Qxg3 26. e6 fxe6 27. Rxc6 Qe5 28. Qa7 Nf6 29. fxe6 Ng4 30. Qf7+ Kh8 31. Qf4 Qxf4 32. Rxf4 Nf6 33. Rxa6 Kg8 34. g4 Re7 35. Rd4 Ne8 36. Ra4 Rxe6 37. Raxb4 Rxb4 38. Rxb4 Kf7 39. a4 Re4 40. Rb7+ Ke6 41. a5 Rxg4+ 42. Kf2 Nd6 43. Rb8 Kd7 44. a6 Ra4 45. Rg8 Rxa6 46. Rxg7+ Ke6 47. Rxh7 Rb6 48. Ke3 Rxb2 49. h5 Nf5+ 50. Kf4 Rf2+ 51. Kg4 Rg2+ 52. Kf3 Rh2 53. Rh8 Rh4 54. Re8+ Kf6 55. Rf8+ Ke5 56. Re8+ Kd4 57. Rh8 Kc3 58. Ke2 Rh3 59. Kf2 d4 60. Kg2 Rh4 61. Kf3 Kd3 62. Rh7 Kd2 63. Rh8 d3 64. Kf2 Rf4+ 65. Kg2 Ke2 66. Re8+ Ne3+ 67. Kg3 Rf3+ 0-1

[Event "79.ch-ITA 3rd-4th TB"]
[Site "Padova ITA"]
[Date "2019.12.05"]
[Round "4"]
[White "Lodici, Lorenzo"]
[Black "Moroni, Luca Jr"]
[Result "1/2-1/2"]
[WhiteElo "2455"]
[BlackElo "2528"]
[Annotator "Gabriele Ballarin"]
[PlyCount "124"]
[EventDate "2019.12.05"]
[EventType "match"]
[EventRounds "4"]
[EventCountry "ITA"]
[SourceTitle "The Week in Chess 1309"]
[Source "Mark Crowther"]
[SourceDate "2019.12.10"]
[SourceVersion "2"]
[SourceVersionDate "2020.02.11"]
[SourceQuality "2"]

1. e4 e5 2. Nf3 Nc6 3. Bc4 Bc5 4. O-O Nf6 5. d3 a6 6. c3 Ba7 7. a4 d6 8. Re1 h6 9. Na3 O-O 10. h3 Kh8 11. Nc2 Ng8 12. d4 exd4 13. Ncxd4 Nxd4 14. Nxd4 Qf6 15. Be3 Ne7 16. Qh5 Bd7 17. Nf3 Bxe3 18. Rxe3 Ng6 19. e5 Qf4 20. Bd3 Nxe5 21. Nxe5 dxe5 22. Qxe5 Qxe5 23. Rxe5 Rfe8 24. Rxe8+ Rxe8 25. f3 a5 26. Kf2 Re6 27. Bf5 Rd6 28. Bxd7 Rxd7 29. Ke2 Re7+ 30. Kd2 Rd7+ 31. Ke2 Rd6 32. b4 Rg6 33. g4 Re6+ 34. Kd2 Rd6+ 35. Ke2 Re6+ 36. Kd2 Re5 37. Re1 Rd5+ 38. Kc2 axb4 39. cxb4 Rd7 40. Kc3 Kh7 41. a5 Kg6 42. f4 Rd6 43. Re7 Rc6+ 44. Kd4 Kf6 45. Re8 Rd6+ 46. Kc4 c6 47. Rb8 Rd7 48. b5 cxb5+ 49. Kxb5 g5 50. fxg5+ Kxg5 51. Kb6 Kh4 52. Rxb7 Rd6+ 53. Kb5 Kxh3 54. Rxf7 Kxg4 55. Rh7 h5 56. a6 h4 57. a7 Rd8 58. Kb6 h3 59. Kb7 Kg3 60. a8=Q Rxa8 61. Kxa8 h2 62. Rxh2 Kxh2 1/2-1/2

[Event "80. C.to Provinciale VR"]
[Site "Zevio Verona ITA"]
[Date "2020.01.24"]
[Round "1.1"]
[White "Vujicic, Luigi"]
[Black "Luciani, Valerio"]
[Result "0-1"]
[WhiteElo "1699"]
[BlackElo "2121"]
[Annotator "Gabriele Ballarin"]
[PlyCount "108"]
[EventDate "2020.01.24"]
[EventType "swiss"]
[EventRounds "5"]
[EventCountry "ITA"]

1. e4 d6 2. d4 Nf6 3. Nc3 c6 4. Nf3 Bg4 5. h3 Bh5 6. Be3 e6 7. Be2 d5 8. e5 Nfd7 9. Qd2 a6 10. O-O Bxf3 11. Bxf3 c5 12. Ne2 cxd4 13. Bxd4 Nc6 14. Nc1 Ndxe5 15. Bxe5 Nxe5 16. Be2 Rc8 17. c3 Bd6 18. Nb3 O-O 19. Nd4 Qf6 20. Rae1 Ng6 21. Bd3 Nf4 22. Ne2 Nxd3 23. Qxd3 Rfd8 24. Kh1 Qg6 25. Qd2 Be5 26. f4 Bf6 27. Rf3 Qh6 28. Ref1 e5 29. g4 exf4 30. Qxf4 Qxf4 31. Nxf4 Rd7 32. Rd3 Rcd8 33. Rfd1 d4 34. Ne2 Kf8 35. Kg2 h5 36. Nxd4 Bxd4 37. Rxd4 Rxd4 38. Rxd4 Rxd4 39. cxd4 hxg4 40. hxg4 Ke7 41. Kf3 Kd6 42. Ke4 Ke6 43. d5+ Kd6 44. Kd4 f6 45. b4 g6 46. a4 b5 47. a5 f5 48. g5 f4 49. Ke4 f3 50. Kxf3 Kxd5 51. Kf4 Kd4 52. Kf3 Kc4 53. Ke4 Kxb4 54. Ke5 Kxa5 0-1

[Event "80. C.to Provinciale VR"]
[Site "Zevio Verona ITA"]
[Date "2020.01.24"]
[Round "1.2"]
[White "Zanchetta, Nicola"]
[Black "Marcori, Mirko"]
[Result "1-0"]
[WhiteElo "2110"]
[BlackElo "1649"]
[Annotator "Gabriele Ballarin"]
[PlyCount "39"]
[EventDate "2020.01.24"]
[EventType "swiss"]
[EventRounds "5"]
[EventCountry "ITA"]

1. e4 c5 2. d3 Nc6 3. g3 d6 4. Bg2 Nf6 5. h3 e5 6. c3 Be7 7. Ne2 Be6 8. f4 Qb6 9. f5 Bd7 10. Na3 Qa6 11. g4 O-O-O 12. Nc4 Na5 13. Ne3 Bb5 14. c4 Bc6 15. Nc3 b6 16. a3 Nb7 17. Bd2 b5 18. b4 Qb6 19. g5 Nd7 20. Ned5 1-0

[Event "80. C.to Provinciale VR"]
[Site "Zevio Verona ITA"]
[Date "2020.01.24"]
[Round "1.7"]
[White "Gemma, Stefano"]
[Black "Dalla Vecchia, Paolo"]
[Result "1-0"]
[WhiteElo "1558"]
[BlackElo "1821"]
[Annotator "Gabriele Ballarin"]
[PlyCount "71"]
[EventDate "2020.01.24"]
[EventType "swiss"]
[EventRounds "5"]
[EventCountry "ITA"]

1. e4 e6 2. b3 b6 3. Bb2 Bb7 4. d3 c5 5. Nf3 Nc6 6. Be2 d6 7. O-O Nf6 8. Nbd2 Be7 9. Re1 O-O 10. e5 dxe5 11. Nxe5 Nxe5 12. Bxe5 Nd5 13. Bf3 f6 14. Bb2 Qd7 15. Be4 f5 16. Bf3 Bf6 17. Bxf6 Rxf6 18. Nc4 Nc3 19. Ne5 Qd4 20. Qc1 Bxf3 21. Nxf3 Qd6 22. Qb2 Nb5 23. Rad1 Nd4 24. Ne5 f4 25. c3 Nf5 26. Qe2 Raf8 27. Qe4 Nh4 28. Qc6 Qxc6 29. Nxc6 Rg6 30. Ne7+ Kf7 31. Nxg6 Nxg6 32. d4 Rc8 33. dxc5 Rxc5 34. c4 Rc7 35. Rd6 Ke7 36. Rexe6+ 1-0

[Event "80. C.to Provinciale VR"]
[Site "Zevio Verona ITA"]
[Date "2020.01.25"]
[Round "2.1"]
[White "Luciani, Valerio"]
[Black "Gneo, Marco"]
[Result "1-0"]
[WhiteElo "2121"]
[BlackElo "1724"]
[Annotator "Gabriele Ballarin"]
[PlyCount "93"]
[EventDate "2020.01.24"]
[EventType "swiss"]
[EventRounds "5"]
[EventCountry "ITA"]

1. d4 d5 2. c4 e6 3. Nc3 Nf6 4. cxd5 exd5 5. Bg5 c6 6. e3 Be7 7. Qc2 O-O 8. Bd3 Nbd7 9. Nge2 h6 10. Bh4 c5 11. O-O c4 12. Bf5 Nb6 13. Rad1 Nh5 14. Bxc8 Rxc8 15. Qf5 Bxh4 16. Qxh5 Bg5 17. g3 Qd7 18. h4 Qh3 19. Qf3 Bd8 20. Nxd5 Nxd5 21. Qxd5 Qg4 22. f3 Qh3 23. Rf2 Rc6 24. Rh2 Qc8 25. e4 Bc7 26. e5 Rd8 27. Qe4 Re6 28. f4 Rb6 29. Rd2 Qg4 30. Kg2 Bxe5 31. Qf3 Qxf3+ 32. Kxf3 Bf6 33. Rh1 Rbd6 34. Rhd1 a6 35. d5 b5 36. Nc3 Bxc3 37. bxc3 h5 38. Ke4 g6 39. a4 f6 40. axb5 axb5 41. Rb1 f5+ 42. Ke5 Rb6 43. Kd4 Rbb8 44. Re2 Kf7 45. Re6 b4 46. Rxb4 Rxb4 47. cxb4 1-0

[Event "80. C.to Provinciale VR"]
[Site "Zevio Verona ITA"]
[Date "2020.01.25"]
[Round "2.2"]
[White "Rizzati, Aldo"]
[Black "Zanchetta, Nicola"]
[Result "0-1"]
[WhiteElo "1744"]
[BlackElo "2110"]
[Annotator "Gabriele Ballarin"]
[PlyCount "146"]
[EventDate "2020.01.24"]
[EventType "swiss"]
[EventRounds "5"]
[EventCountry "ITA"]

1. d4 Nf6 2. c4 c5 3. Nf3 cxd4 4. Nxd4 Nc6 5. Nc3 a6 6. e3 g6 7. Be2 Bg7 8. O-O O-O 9. Bf3 e5 10. Nc2 Re8 11. Nd5 e4 12. Be2 d6 13. Rb1 Nxd5 14. Qxd5 Be6 15. Qd1 h5 16. Nd4 Rc8 17. b3 Qg5 18. f4 exf3 19. Nxf3 Qc5 20. Kh1 Rcd8 21. e4 Bg4 22. h3 Bc8 23. Bd3 Rd7 24. a3 Ne5 25. b4 Qc7 26. Qb3 Nxd3 27. Qxd3 Qc6 28. Re1 Rde7 29. b5 axb5 30. cxb5 Qc3 31. Qxd6 Be5 32. Qd1 Bg3 33. Bb2 Qc5 34. Bd4 Qd6 35. Re3 Rxe4 36. Rxe4 Rxe4 37. Qa4 Bf5 38. Rd1 Qf8 39. Qa7 Qc8 40. Bf6 Re8 41. Ng5 Qc2 42. Qd4 Qe2 43. Bh8 Qe1+ 44. Qg1 Qxg1+ 45. Kxg1 Kxh8 46. Nxf7+ Kg7 47. Nd6 Bxd6 48. Rxd6 Ra8 49. Rb6 Bc8 50. Rd6 Rxa3 51. Rd8 Bf5 52. Rb8 Be4 53. Re8 Ra1+ 54. Kf2 Ra2+ 55. Kg3 Bxg2 56. h4 Kf7 57. Rc8 Bd5 58. b6 Rb2 59. Kf4 Rxb6 60. Kg5 Re6 61. Rc7+ Re7 62. Rc2 Re5+ 63. Kh6 Kf6 64. Rc8 Re4 65. Rd8 Be6 66. Rg8 Rxh4 67. Rxg6+ Ke5 68. Rg7 b5 69. Rg5+ Bf5 70. Rg7 b4 71. Rb7 Bc2 72. Rb5+ Kd6 73. Kg5 Rd4 0-1

[Event "80. C.to Provinciale VR"]
[Site "Zevio Verona ITA"]
[Date "2020.01.25"]
[Round "2.10"]
[White "Dalla Vecchia, Paolo"]
[Black "Leone, Cataldo"]
[Result "1-0"]
[WhiteElo "1821"]
[BlackElo "1503"]
[Annotator "Gabriele Ballarin"]
[PlyCount "87"]
[EventDate "2020.01.24"]
[EventType "swiss"]
[EventRounds "5"]
[EventCountry "ITA"]

1. d4 d5 2. c4 c6 3. Nf3 Nf6 4. Nc3 e6 5. e3 Nbd7 6. Be2 Bd6 7. Qc2 dxc4 8. Bxc4 b5 9. Bd3 h6 10. O-O Bb7 11. Rd1 a6 12. e4 Bb4 13. Bf4 Rc8 14. Rac1 O-O 15. Qe2 c5 16. dxc5 Bxc5 17. a3 Nh5 18. Bd2 Qe7 19. b4 Bb6 20. Bb1 Rfd8 21. e5 Bxf3 22. Qxf3 Qh4 23. Re1 Rc4 24. Bd3 Rd4 25. g3 Qh3 26. Bf1 Qf5 27. Qxf5 exf5 28. Be3 Nxe5 29. Kg2 Nc4 30. Bxd4 Rxd4 31. Bxc4 Rxc4 32. Nd5 Bd4 33. Rxc4 bxc4 34. Ne7+ Kf8 35. Nxf5 Bb2 36. Nd6 Nf6 37. Nxc4 Bd4 38. h3 g5 39. Rd1 Ba7 40. Rd8+ Ke7 41. Ra8 Bd4 42. Rxa6 Ne4 43. f3 Nc3 44. Rxh6 1-0

[Event "80. C.to Provinciale VR"]
[Site "Zevio Verona ITA"]
[Date "2020.01.25"]
[Round "2.12"]
[White "Bonavigo, Claudio"]
[Black "Jirillo, Antonio"]
[Result "1-0"]
[WhiteElo "1759"]
[BlackElo "1503"]
[Annotator "Gabriele Ballarin"]
[PlyCount "109"]
[EventDate "2020.01.24"]
[EventType "swiss"]
[EventRounds "5"]
[EventCountry "ITA"]

1. e4 e6 2. d3 Nc6 3. g3 d5 4. Nd2 Nf6 5. Bg2 dxe4 6. Nxe4 Nxe4 7. Bxe4 Bd7 8. Bg2 g6 9. Nf3 h6 10. O-O Bg7 11. c3 Qe7 12. Qe2 O-O-O 13. Be3 f5 14. Nh4 Qf7 15. f4 Bf6 16. Nf3 Rdg8 17. d4 g5 18. Ne5 Bxe5 19. dxe5 g4 20. b4 Nb8 21. Bxa7 Bc6 22. a4 h5 23. b5 Bxg2 24. Qxg2 h4 25. a5 hxg3 26. hxg3 Qh7 27. a6 bxa6 28. Bxb8 Qh3 29. Ba7 Qxg2+ 30. Kxg2 axb5 31. Bg1 Kd7 32. Rfd1+ Kc6 33. Ra7 Rd8 34. Rxd8 Rxd8 35. Ra1 Rd2+ 36. Bf2 Rc2 37. Ra3 Kd5 38. Kf1 Kc4 39. Be1 c5 40. Ra6 b4 41. cxb4 cxb4 42. Rc6+ Kb3 43. Rxc2 Kxc2 44. Bxb4 Kd3 45. Ba5 Ke3 46. Bb6+ Kf3 47. Bf2 Ke4 48. Ke2 Kd5 49. Kd3 Kc6 50. Kc4 Kc7 51. Kc5 Kd7 52. Be1 Kc7 53. Ba5+ Kd7 54. Bb6 Ke7 55. Kc6 1-0